000 00620nam a2200169Ia 4500
008 090201s9999 xx 000 0 und d
010 _aKPL-69074
040 _bमराठी
041 _aमराठी
082 _a47615
_b69074
100 _aबाबुराव अर्नाळकर
245 _aझुंजार आणि कपटजाल (रामबाग)
_cबाबुराव अर्नाळकर
260 _c2001
_bउमा प्रकाशन
300 _a84
_bलहान
600 _aझुंजार आणि कपटजाल (रामबाग)
942 _cBOOK
999 _c244311
_d244311